Чемпионы мира по шахматам - Statistics

General Stats
  • This quiz has been taken 115 times
    70 since last reset
  • The average score is 12 of 22
Answer Stats
Word % Correct
Анатолий Карпов
94%
Гарри Каспаров
88%
Роберт Фишер
87%
Магнус Карлсен
83%
Михаил Ботвинник
69%
Михаил Таль
69%
Александр Алехин
65%
Вишванатан Ананд
63%
Хосе Рауль Капабланка
62%
Владимир Крамник
62%
Тигран Петросян
58%
Вильгельм Стейниц
56%
Борис Спасский
56%
Макс Эйве
50%
Дин Лижэнь
50%
Эмануил Ласкер
46%
Василий Смыслов
46%
Гукеш Доммараджу
42%
Веселин Топалов
27%
Руслан Пономарёв
19%
Александр Халифман
8%
Рустам Касымджанов
6%
No matching quizzes found
Score Distribution
Percent of People with Each Score
Percentile by Number Answered
Your Score History
You have not taken this quiz since the last reset